000 00267nam a22001217a 4500
008 181019b xxu||||| |||| 00| 0 eng d
041 _aeng
080 _a616-053.2
100 _a8
101 _aPED
245 _aThe Pediatric Spine
_cBradford, D.S
942 _2udc
_cBK
999 _c50295
_d50295